书目信息 |
| 题名: |
图解立案证据定罪量刑标准与法律适用
|
|
| 作者: | ;本书编写组 编 | |
| 分册: | 第四分册 | |
| 出版信息: | 北京 中国法制出版社 2016 |
|
| 页数: | 786页 | |
| 开本: | 26cm | |
| 丛书名: | 最新执法办案实务丛书 | |
| 单 册: | ||
| 中图分类: | D924.305 , D924.365 | |
| 科图分类: | ||
| 主题词: | 刑事犯罪--xing shi fan zui--法律适用--中国 , 妨害社会管理秩序罪--fang hai she hui guan li zhi xu zui--法律适用--中国 | |
| 电子资源: | ||
| ISBN: | 978-7-5093-7125-1 | |
| 000 | 01250nam0 22003011 450 | |
| 001 | 1755143269 | |
| 005 | 20170605152646.95 | |
| 010 | @a978-7-5093-7125-1@dCNY110.00 | |
| 100 | @a20160509d2016 em y0chiy50 ea | |
| 101 | 0 | @achi |
| 102 | @aCN@b110000 | |
| 105 | @ak zn 000yy | |
| 106 | @ar | |
| 200 | 1 | @a图解立案证据定罪量刑标准与法律适用@Atu jie li an zheng ju ding zui liang xing biao zhun yu fa lv shi yong@h第四分册@f本书编写组编 |
| 205 | @a10版 | |
| 210 | @a北京@c中国法制出版社@d2016 | |
| 215 | @a786页@d26cm | |
| 225 | 2 | @a最新执法办案实务丛书@Azui xin zhi fa ban an shi wu cong shu |
| 330 | @a本书紧密结合刑事办案工作实际,对公安部门管辖的罪案无一遗漏地进行了系统阐述和解释。对办案中涉及的关于立案标准,认定罪名、罪与非罪的区别、此罪与彼罪、一罪与数罪等问题进行了详细介绍。 | |
| 461 | 0 | @12001 @a最新执法办案实务丛书 |
| 512 | 1 | @a图解立案证据定罪量刑标准与法律适用@h第四分册@i妨害社会管理秩序案 |
| 606 | 0 | @a刑事犯罪@Axing shi fan zui@x法律适用@y中国 |
| 606 | 0 | @a妨害社会管理秩序罪@Afang hai she hui guan li zhi xu zui@x法律适用@y中国 |
| 690 | @aD924.305@v5 | |
| 690 | @aD924.365@v5 | |
| 711 | 02 | @a本书编写组@Aben shu bian xie zu@4编 |
| 801 | 0 | @aCN@bTANGWEI@c20170602 |
| 905 | @b0972225-7@dD924.305@e679:4=10@f3 | |
| 图解立案证据定罪量刑标准与法律适用.第四分册/本书编写组编.-10版.-北京:中国法制出版社,2016 |
| 786页;26cm.-(最新执法办案实务丛书) |
| ISBN 978-7-5093-7125-1:CNY110.00 |
| 本书紧密结合刑事办案工作实际,对公安部门管辖的罪案无一遗漏地进行了系统阐述和解释。对办案中涉及的关于立案标准,认定罪名、罪与非罪的区别、此罪与彼罪、一罪与数罪等问题进行了详细介绍。 |
| ● |
| 相关链接 |
|
|
|
|
正题名:图解立案证据定罪量刑标准与法律适用
索取号:D924.305/679:4=10
 
预约/预借
| 序号 | 登录号 | 条形码 | 馆藏地/架位号 | 状态 | 备注 |
| 1 | 0972225 | 209722255 | 第一样本阅览室/ [索取号:D924.305/679:4=10] | 在馆 | |
| 2 | 0972226 | 209722264 | 第一借阅区/ [索取号:D924.305/679:4=10] | 在馆 | |
| 3 | 0972227 | 209722273 | 密集书库-史法系/ [索取号:D924.305/679:4=10] | 在馆 |